<?xml version="1.0" encoding="UTF-8"?>
<collection xmlns="http://www.loc.gov/MARC21/slim">
 <record>
  <leader>03222naa a2200205 i 4500</leader>
  <controlfield tag="001">acta63298</controlfield>
  <controlfield tag="005">20260224081030.0</controlfield>
  <controlfield tag="008">200116s2016    hu      o     000   hun d</controlfield>
  <datafield tag="020" ind1=" " ind2=" ">
   <subfield code="a">978 615 5423 30 7</subfield>
  </datafield>
  <datafield tag="040" ind1=" " ind2=" ">
   <subfield code="a">SZTE Egyetemi Kiadványok Repozitórium</subfield>
   <subfield code="b">hun</subfield>
  </datafield>
  <datafield tag="041" ind1=" " ind2=" ">
   <subfield code="a">hun</subfield>
  </datafield>
  <datafield tag="100" ind1="1" ind2=" ">
   <subfield code="a">Nemes Krisztina</subfield>
  </datafield>
  <datafield tag="245" ind1="1" ind2="3">
   <subfield code="a">La larga transición del libro en Catalán</subfield>
   <subfield code="h">[elektronikus dokumentum] /</subfield>
   <subfield code="c"> Nemes Krisztina</subfield>
  </datafield>
  <datafield tag="260" ind1=" " ind2=" ">
   <subfield code="c">2016</subfield>
  </datafield>
  <datafield tag="300" ind1=" " ind2=" ">
   <subfield code="a">324-335</subfield>
  </datafield>
  <datafield tag="490" ind1="0" ind2=" ">
   <subfield code="a">Transiciones de la dictadura a la democracia</subfield>
  </datafield>
  <datafield tag="520" ind1="3" ind2=" ">
   <subfield code="a">Resumen: Durante la dictadura, la lengua catalana quedó marginada de la vida institucional y oficial del país y la cultura estaba sometida a un proceso inevitable de folklorización. El castellano se convirtió en la lengua de cultura de toda la población catalana bilingüe, hasta el punto de que en el caso de los usos formales la mayoría de los catalanes se sentía más competente en castellano. El resultado de la política cultural y lingüística del franquismo fue la regionalización de Cataluña y la articulación de España como estado-nación. En el período de la Transición la industria editorial barcelonesa, orientada hacia los mercados de España y América Latina, consideraba el mercado del libro en catalán demasiado pequeño o “provinciano”. Además, el potencial público lector catalán era prácticamente analfabeto en su lengua materna. A pesar de las dificultades durante los años de la autonomía, se ha consolidado un mercado del libro en catalán y la literatura catalana fue la invitada de honor de la Feria del Libro de Frankfurt en el año 2007, un éxito sin duda para una lengua sin estado. Palabras clave: lengua minoritaria, diglosia, libros en lenguas vernáculas, construcción del país, auto-afirmación cultural Abstract: The use of Catalan language was banned in the institutional and official life of Catalonia during the dictatorship, thus Catalan culture inevitably went through a process of folclorisation. The Castilian language took over the role of the language of culture for the whole of the bilingual Catalan population that continued to be Catalan-speaking, but felt itself more competent in Castilian in case of any formal use. The cultural and lingistical politics of the dictatorship resulted in the regionalisation of Catalonia and the consolidation of Spain as a nation-state. During the Transition the strong barcelonian editorial industry traditionally oriented towards the markets of Spain and Latin-America considered the Catalan edition as marginal and provincial, though it had a potential after the alfabetisation of Catalans in their mother tongue. Not without difficulties but the years of the democratical transition saw a spectacular growth of the Catalan Book and the consolidation of its market. The process reached its climax in the Frankfurt Book Fair 2007 with The Catalan Culture as Guest of Honour. An international success for a stateless language.</subfield>
  </datafield>
  <datafield tag="695" ind1=" " ind2=" ">
   <subfield code="a">Kisebbség - katalán - Spanyolország, Katalán nyelv, Katalán irodalom története</subfield>
  </datafield>
  <datafield tag="710" ind1=" " ind2=" ">
   <subfield code="a">Transiciones de la dictadura a la democracia (2015) (Szeged)</subfield>
  </datafield>
  <datafield tag="856" ind1="4" ind2="0">
   <subfield code="u">http://acta.bibl.u-szeged.hu/63298/1/transiciones_324-335.pdf</subfield>
   <subfield code="z">Dokumentum-elérés </subfield>
  </datafield>
 </record>
</collection>
